[Event "HokkaidoCh2019"]
[Site "?"]
[Date "2019.03.23"]
[Round "1.1"]
[White "Hakamada, Eiji"]
[Black "Sugimoto, Koichi"]
[Result "0-1"]
[WhiteElo "1531"]
[BlackElo "2013"]
[Annotator "koiti-s"]
[PlyCount "52"]
[SourceVersionDate "2019.03.23"]

1. c4 e5 2. Nc3 Nf6 3. Nf3 Nc6 4. g3 Bb4 5. Bg2 O-O 6. O-O e4 7. Ng5 Bxc3 8.
dxc3 Re8 9. Qc2 Qe7 10. Bf4 h6 11. Nh3 d6 12. Kh1 Bf5 13. Qa4 Qe6 14. Ng1 Nd7
15. Be3 Nb6 16. Bxb6 axb6 17. Qb3 Na5 18. Qb4 Nxc4 19. Rfd1 Ne5 20. f3 exf3 21.
Nxf3 Ng4 22. Rd2 Rxa2 23. Rc1 Rea8 24. Qd4 Ra1 25. Rf1 Ne3 26. Rg1 Rxg1+ {Time}
0-1

[Event "HokkaidoCh2019"]
[Site "?"]
[Date "2019.03.23"]
[Round "1.2"]
[White "Drakakis, Athanasios"]
[Black "Sato, Yasuji"]
[Result "1-0"]
[WhiteElo "1836"]
[BlackElo "1478"]
[PlyCount "133"]
[SourceVersionDate "2019.03.23"]

1. d4 d5 2. Nf3 Nc6 3. Bf4 h6 4. Nbd2 g5 5. Bg3 Bg7 6. e3 Bg4 7. h3 Bf5 8. c3
e6 9. Qa4 a6 10. Be2 Nge7 11. a3 Bg6 12. Rc1 Nf5 13. Bh2 Nd6 14. b4 b5 15. Qb3
Nc4 16. Nxc4 dxc4 17. Qd1 Qd5 18. Bxc7 O-O 19. Bg3 f5 20. Nd2 e5 21. dxe5 Nxe5
22. Bxe5 Qxe5 23. Nf3 Qe4 24. O-O Rac8 25. Nd4 Bxd4 26. cxd4 f4 27. Bf3 Qd3 28.
Qxd3 Bxd3 29. Rfe1 fxe3 30. fxe3 Kg7 31. Rc3 Kf6 32. Bd1 Kg6 33. Bc2 Bxc2 34.
Rxc2 Rfe8 35. Ree2 Re4 36. Kf2 Rf8+ 37. Ke1 Kf6 38. Rf2+ Ke7 39. Rxf8 Kxf8 40.
Ke2 Ke7 41. a4 Kd6 42. axb5 axb5 43. Ra2 Kd5 44. Ra6 c3 45. Kd3 c2 46. Ra1 Re6
47. Rc1 Ra6 48. e4+ Ke6 49. Rxc2 Ra3+ 50. Rc3 Ra4 51. Rb3 Ra2 52. Rc3 Rxg2 53.
Rc6+ Kd7 54. Rxh6 Rg3+ 55. Ke2 Rb3 56. e5 Rxb4 57. Kd3 Rb3+ 58. Ke4 Rg3 59. Kd5
b4 60. e6+ Ke7 61. Rh7+ Kf6 62. Kd6 b3 63. Rf7+ Kg6 64. Rb7 Rxh3 65. e7 Kf7 66.
Rb8 Rh6+ 67. Kd7 1-0

[Event "HokkaidoCh2019"]
[Site "?"]
[Date "2019.03.23"]
[Round "1.3"]
[White "Koyahata, Taku"]
[Black "Watanabe, Katsumi"]
[Result "0-1"]
[WhiteElo "1401"]
[BlackElo "1741"]
[PlyCount "60"]
[SourceVersionDate "2019.03.23"]

1. d4 d5 2. c4 e6 3. Nc3 Nf6 4. Nf3 Bb4 5. Bd2 O-O 6. a3 Be7 7. e3 b6 8. Be2
Bb7 9. Rb1 c5 10. b4 cxd4 11. Nxd4 Qd7 12. O-O dxc4 13. Bxc4 Nc6 14. Nf3 Rfd8
15. Qe2 Rac8 16. Rfd1 Qc7 17. Ba6 e5 18. Bxb7 Qxb7 19. e4 Nd4 20. Qd3 Qb8 21.
Nd5 Nxd5 22. exd5 Rxd5 23. Nxd4 Rxd4 24. Qg3 Rcd8 25. Rb2 f6 26. h3 Qc8 27. Rc1
Qe6 28. Be3 Rd3 29. Rbc2 f5 30. Qh2 Rd1+ 0-1

[Event "HokkaidoCh2019"]
[Site "?"]
[Date "2019.03.23"]
[Round "1.4"]
[White "Manabe, Hiroyuki"]
[Black "Ito, Katsuhide"]
[Result "1-0"]
[WhiteElo "1723"]
[BlackElo "1303"]
[PlyCount "55"]
[SourceVersionDate "2019.03.23"]

1. e4 c5 2. d4 cxd4 3. Nf3 Nc6 4. Nxd4 Nf6 5. Nc3 e5 6. Ndb5 d6 7. Bg5 a6 8.
Na3 b5 9. Nd5 Be7 10. Bxf6 Bxf6 11. Nxf6+ Qxf6 12. Qd5 Bb7 13. Rd1 O-O 14. Qxd6
Qxd6 15. Rxd6 Nb4 16. f3 Rac8 17. c3 Nxa2 18. Be2 b4 19. cxb4 Nxb4 20. O-O Nc2
21. Bxa6 Rc7 22. Rc1 Rfc8 23. Bxb7 Rxb7 24. Rxc2 Rf8 25. Nc4 f6 26. Ne3 Ra8 27.
Rcd2 Kf7 28. Rd7+ 1-0

[Event "HokkaidoCh2019"]
[Site "?"]
[Date "2019.03.23"]
[Round "1.5"]
[White "Takeuchi, Hiroshi"]
[Black "Kikuchi, Akira"]
[Result "1/2-1/2"]
[WhiteElo "1276"]
[BlackElo "1718"]
[PlyCount "68"]
[SourceVersionDate "2019.03.23"]

1. d4 Nf6 2. Nf3 e6 3. e3 c5 4. b3 b6 5. Bb2 Bb7 6. Be2 Be7 7. O-O O-O 8. c4
cxd4 9. exd4 d5 10. Nbd2 Nbd7 11. Ne5 Nxe5 12. dxe5 Nd7 13. Nf3 Re8 14. Qc2 Qc7
15. Rac1 Rac8 16. h3 dxc4 17. Qxc4 Qxc4 18. Rxc4 Rxc4 19. bxc4 Nc5 20. Rd1 Rd8
21. Rxd8+ Bxd8 22. Nd2 Bg5 23. Nb1 Kf8 24. Kf1 Ke8 25. Bd4 Be7 26. Nc3 a6 27.
Bd1 Bc6 28. Bc2 g6 29. a4 Kd7 30. f3 h5 31. Ke2 Bf8 32. Kd1 Be7 33. Ke2 Bf8 34.
Kd1 Be7 1/2-1/2

[Event "HokkaidoCh2019"]
[Site "?"]
[Date "2019.03.23"]
[Round "1.6"]
[White "Kanamaru, Tomoji"]
[Black "Takahashi, Ryunosuke"]
[Result "1-0"]
[WhiteElo "1621"]
[BlackElo "1000"]
[PlyCount "61"]
[SourceVersionDate "2019.03.23"]

1. e4 c5 2. Nf3 Nc6 3. d4 cxd4 4. Nxd4 Nf6 5. Nc3 e5 6. Ndb5 d6 7. Bg5 a6 8.
Na3 b5 9. Nd5 Be7 10. Bxf6 Bxf6 11. c3 O-O 12. Be2 Rb8 13. O-O Bg5 14. Bg4 Ne7
15. Bxc8 Rxc8 16. Nc2 Nxd5 17. Qxd5 Qb6 18. Rad1 Rfd8 19. Qd3 Rc4 20. Nb4 Qa5
21. a3 Qa4 22. Rfe1 a5 23. Nd5 Qb3 24. Re2 h5 25. Rf1 h4 26. f4 exf4 27. Nxf4
Qa4 28. Nd5 Rc6 29. Qf3 Rd7 30. Qf5 Rd8 31. Qxg5 1-0

[Event "HokkaidoCh2019"]
[Site "?"]
[Date "2019.03.23"]
[Round "2.1"]
[White "Sugimoto, Koichi"]
[Black "Manabe, Hiroaki"]
[Result "1-0"]
[WhiteElo "2013"]
[BlackElo "1723"]
[PlyCount "87"]
[SourceVersionDate "2019.03.23"]

1. e4 e6 2. d4 d5 3. Nd2 Nf6 4. e5 Nfd7 5. Bd3 c5 6. c3 Nc6 7. Ne2 Qb6 8. Nf3
Be7 9. O-O f6 10. exf6 Nxf6 11. dxc5 Bxc5 12. b4 Be7 13. a4 e5 14. a5 Qc7 15.
Bb5 O-O 16. h3 Be6 17. Ng3 a6 18. Be2 Rad8 19. Bd2 Bf7 20. Ng5 Bd6 21. Nf5 Qd7
22. Nxd6 Qxd6 23. Nxf7 Rxf7 24. Qb3 Ne4 25. Be1 Rdf8 26. Bh5 Rf6 27. Rd1 Ne7
28. f3 Ng3 29. Bxg3 g6 30. Bg4 h5 31. Bh4 hxg4 32. Bxf6 Rxf6 33. fxg4 Kg7 34.
Rxf6 Qxf6 35. Rf1 Qg5 36. c4 d4 37. b5 e4 38. c5 Qxc5 39. Qf7+ Kh6 40. Qf8+ Kg5
41. h4+ Kxh4 42. Qh6+ Kxg4 43. Rf4+ Kg3 44. Qh4# 1-0

[Event "HokkaidoCh2019"]
[Site "?"]
[Date "2019.03.23"]
[Round "2.2"]
[White "Kanamaru, Tomoji"]
[Black "Drakakis, Athanasios"]
[Result "0-1"]
[WhiteElo "1621"]
[BlackElo "1836"]
[Annotator "koiti-s"]
[PlyCount "34"]
[SourceVersionDate "2019.03.23"]

1. e4 d5 2. exd5 Qxd5 3. Nc3 Qa5 4. d3 c6 5. Be2 Nf6 6. Nf3 Bg4 7. h3 Bh5 8.
O-O e6 9. a3 Nbd7 10. Be3 Be7 11. Re1 O-O 12. Nd4 Bg6 13. Bf3 Qc7 14. Ne4 Rad8
15. Nc3 a6 16. Qd2 Bd6 17. Nde2 Ne5 {Time} 0-1

[Event "HokkaidoCh2019"]
[Site "?"]
[Date "2019.03.23"]
[Round "2.4"]
[White "Nishimori, Toshiyuki"]
[Black "Takeuchi, Hiroshi"]
[Result "1-0"]
[WhiteElo "1811"]
[BlackElo "1276"]
[PlyCount "43"]
[SourceVersionDate "2019.03.23"]

1. e4 e6 2. d4 d5 3. e5 Nc6 4. Be3 Bb4+ 5. c3 Ba5 6. Bd3 Nge7 7. Ne2 Bb6 8. O-O
O-O 9. Nd2 Bd7 10. a4 a6 11. b4 Nb8 12. Nf3 c6 13. Ng3 Qc7 14. Bxh7+ Kxh7 15.
Ng5+ Kg8 16. Qh5 Re8 17. Qxf7+ Kh8 18. Nh5 Rg8 19. Qxe7 Be8 20. Qxc7 Bxc7 21.
Nf4 Bd7 22. Ng6# 1-0

[Event "HokkaidoCh2019"]
[Site "?"]
[Date "2019.03.23"]
[Round "2.5"]
[White "Kikuchi, Akira"]
[Black "Aoki, Yasuhiro"]
[Result "1/2-1/2"]
[WhiteElo "1718"]
[BlackElo "1665"]
[PlyCount "84"]
[SourceVersionDate "2019.03.23"]

1. d4 Nf6 2. Nf3 g6 3. Bf4 Bg7 4. e3 d6 5. Nbd2 O-O 6. c3 c5 7. Bd3 Nc6 8. Qe2
a6 9. h3 b5 10. O-O c4 11. Bc2 d5 12. e4 dxe4 13. Nxe4 Nd5 14. Bg3 Nb6 15. a3
Bf5 16. Rad1 Bxe4 17. Bxe4 Nd5 18. Rfe1 e6 19. Ne5 Qc8 20. Bf3 Ra7 21. Qd2 Nxe5
22. Bxe5 Rd7 23. Bxg7 Kxg7 24. Qe2 Kg8 25. Qe5 Qc7 26. Qxc7 Rxc7 27. Bxd5 exd5
28. Re5 Rd8 29. Rde1 Kf8 30. f4 Rc6 31. Kf2 Rdd6 32. Kf3 a5 33. Re8+ Kg7 34.
Rb8 Rb6 35. Rxb6 Rxb6 36. Re5 Rd6 37. Re1 h5 38. g4 Kf6 39. g5+ Kg7 40. h4 Re6
41. Rxe6 fxe6 42. Ke3 a4 1/2-1/2

[Event "HokkaidoCh2019"]
[Site "?"]
[Date "2019.03.23"]
[Round "2.6"]
[White "Kobayashi, Katsuhiko"]
[Black "Koyahata, Taku"]
[Result "0-1"]
[WhiteElo "1564"]
[BlackElo "1401"]
[PlyCount "68"]
[SourceVersionDate "2019.03.23"]

1. a4 e5 2. e4 Nf6 3. Nc3 Bc5 4. Nf3 Nc6 5. Bb5 d6 6. Bxc6+ bxc6 7. O-O O-O 8.
d3 h6 9. Bd2 Bg4 10. Rb1 Rb8 11. h3 Bh5 12. g4 Bg6 13. Ne2 Nh7 14. b4 Bd4 15.
Nexd4 exd4 16. Nxd4 Qd7 17. b5 cxb5 18. Nxb5 a6 19. Nd4 Qxa4 20. Nf5 Bxf5 21.
exf5 f6 22. Ra1 Qc6 23. f3 Rb2 24. c3 Ng5 25. Bxg5 hxg5 26. Qc1 Rfb8 27. Qe3
Rc2 28. Qe6+ Kh7 29. Qf7 Rbb2 30. Qg6+ Kg8 31. Rfb1 Rg2+ 32. Kh1 Rh2+ 33. Kg1
Rbg2+ 34. Kf1 Qxf3+ 0-1

[Event "HokkaidoCh2019"]
[Site "?"]
[Date "2019.03.23"]
[Round "2.7"]
[White "Ito, Katsuhide"]
[Black "Hakamada, Eiji"]
[Result "0-1"]
[WhiteElo "1303"]
[BlackElo "1531"]
[PlyCount "80"]
[SourceVersionDate "2019.03.23"]

1. e4 d6 2. d4 Nf6 3. Nc3 e6 4. Be2 Be7 5. Nf3 O-O 6. O-O c5 7. Be3 Nc6 8. Qd2
b6 9. Rad1 Bb7 10. d5 exd5 11. exd5 Nb4 12. Nh4 Nfxd5 13. Nf5 Bf6 14. Bf3 Nxe3
15. fxe3 Bxf3 16. Rxf3 Be5 17. Ne4 Qc7 18. Nfxd6 Rad8 19. c3 Bxd6 20. Nxd6 Nc6
21. e4 Ne5 22. Re3 Nc4 23. Nxc4 Rxd2 24. Rxd2 Qf4 25. Rf2 Qc7 26. e5 Rd8 27.
Nd6 f6 28. exf6 Qxd6 29. Re7 gxf6 30. Rfe2 Rd7 31. Re8+ Kf7 32. Rh8 Kg7 33.
Ree8 Qd1+ 34. Kf2 Qc2+ 35. Kg3 Kh6 36. Rhg8 Rd3+ 37. Kg4 Qxg2+ 38. Kf5 Qf3+ 39.
Ke6 Re3+ 40. Kf7 Rxe8 0-1

[Event "HokkaidoCh2019"]
[Site "?"]
[Date "2019.03.23"]
[Round "2.8"]
[White "Sato, Yasuji"]
[Black "Takahashi, Ryunosuke"]
[Result "0-1"]
[WhiteElo "1478"]
[BlackElo "1000"]
[PlyCount "72"]
[SourceVersionDate "2019.03.23"]

1. e4 c5 2. Nf3 Nc6 3. c3 d5 4. exd5 Qxd5 5. Be2 Nf6 6. Na3 e5 7. Nb5 Qd8 8.
O-O a6 9. Na3 Be7 10. Bc4 b5 11. Bb3 O-O 12. Re1 Bg4 13. h3 Bh5 14. g4 Nxg4 15.
hxg4 Bxg4 16. Kg2 Bh4 17. Re4 Bxf3+ 18. Qxf3 c4 19. Nxc4 bxc4 20. Bxc4 Bf6 21.
d3 Na5 22. Bb3 Nxb3 23. axb3 a5 24. Raa4 Qb6 25. b4 axb4 26. Rxa8 Rxa8 27. Rxb4
Qd8 28. Qe2 Ra1 29. Bd2 Be7 30. Re4 Qd5 31. f3 Bd6 32. d4 f6 33. c4 Qf7 34. c5
Bc7 35. Bc3 f5 36. Rxe5 Qg6+ 0-1

[Event "HokkaidoCh2019"]
[Site "?"]
[Date "2019.03.23"]
[Round "3.1"]
[White "Drakakis, Athanasios"]
[Black "Sugimoto, Koichi"]
[Result "1-0"]
[WhiteElo "1836"]
[BlackElo "2013"]
[PlyCount "93"]
[SourceVersionDate "2019.03.23"]

1. d4 d5 2. Nf3 Nf6 3. e3 Bg4 4. Bd3 e6 5. O-O Bd6 6. Nbd2 c5 7. c3 Nc6 8. Re1
O-O 9. Qa4 c4 10. Bb1 a6 11. h3 Bh5 12. e4 b5 13. Qd1 dxe4 14. Nxe4 Nxe4 15.
Bxe4 Rc8 16. g4 Bg6 17. Bxg6 hxg6 18. Qe2 Qc7 19. Bd2 Ne7 20. Rad1 a5 21. a3
Nd5 22. Ne5 Nb6 23. f4 Na4 24. Bc1 b4 25. axb4 axb4 26. Qc2 b3 27. Qe2 Nb6 28.
Be3 Ra8 29. d5 exd5 30. Bxb6 Qxb6+ 31. Kg2 Bxe5 32. Qxe5 Rad8 33. Kg3 Qc6 34.
Qd4 f6 35. Re7 Qd6 36. Qa7 Qxe7 37. Qxe7 Rfe8 38. Qc5 Re2 39. Rxd5 Rde8 40.
Qxc4 R8e3+ 41. Kh4 g5+ 42. fxg5 Kh7 43. gxf6 Rh2 44. Rh5+ Kg6 45. Rg5+ Kh6 46.
Rh5+ Kg6 47. Qf1 1-0

[Event "HokkaidoCh2019"]
[Site "?"]
[Date "2019.03.23"]
[Round "3.3"]
[White "Hakamada, Eiji"]
[Black "Watanabe, Katsumi"]
[Result "0-1"]
[WhiteElo "1531"]
[BlackElo "1741"]
[PlyCount "122"]
[SourceVersionDate "2019.03.23"]

1. c4 Nf6 2. Nf3 g6 3. d4 Bg7 4. Nc3 O-O 5. e4 d6 6. Be2 Nbd7 7. O-O e5 8. d5
Nc5 9. Qc2 a5 10. Be3 b6 11. a3 Nh5 12. b4 Nb7 13. Bg5 f6 14. Bd2 f5 15. Bd3 f4
16. Kh1 Bg4 17. Be2 Qd7 18. Ng1 Bxe2 19. Ncxe2 Rf7 20. bxa5 Nxa5 21. Bxa5 bxa5
22. Nf3 h6 23. c5 g5 24. cxd6 cxd6 25. Qc6 Raf8 26. Qxd7 Rxd7 27. Rac1 g4 28.
Nh4 f3 29. gxf3 gxf3 30. Nc3 Nf4 31. Nf5 Rf6 32. Rg1 Nd3 33. Rc2 Kh7 34. Nxg7
Rxg7 35. Rxg7+ Kxg7 36. Nd1 Nc5 37. Rc4 Rf4 38. Nc3 Kg6 39. h3 Kh5 40. Kh2 Kh4
41. a4 Rf6 42. Nb5 Rg6 43. Nxd6 Nd3 44. Nf5+ Kh5 45. Ng3+ Kg5 46. Rc2 Kf4 47.
Rd2 Nxf2 48. d6 Rxg3 49. Rxf2 Rg8 50. d7 Kxe4 51. Rd2 Rd8 52. Kg3 Ke3 53. Rd5
e4 54. h4 f2 55. Rf5 Rxd7 56. Kg2 Rd2 57. Rb5 Ke2 58. Rb1 e3 59. h5 Rd1 60.
Rb2+ Kd3 61. Rb3+ Kc4 0-1

[Event "HokkaidoCh2019"]
[Site "?"]
[Date "2019.03.23"]
[Round "3.4"]
[White "Aoki, Yasuhiro"]
[Black "Manabe, Hiroaki"]
[Result "1-0"]
[WhiteElo "1665"]
[BlackElo "1723"]
[PlyCount "55"]
[SourceVersionDate "2019.03.23"]

1. c4 Nf6 2. Nc3 e6 3. e4 d5 4. e5 Nfd7 5. cxd5 Nxe5 6. dxe6 Bxe6 7. d4 Ng6 8.
Nf3 Be7 9. Bd3 O-O 10. O-O c5 11. dxc5 Bxc5 12. Ne4 Nd7 13. Bg5 Be7 14. Be3
Nde5 15. Nxe5 Nxe5 16. Be2 f5 17. Nc5 Bd5 18. Bd4 b6 19. Bxe5 Bxc5 20. a3 Re8
21. Bc3 Rxe2 22. Qxe2 Qg5 23. g3 Be4 24. b4 Bf8 25. Bd2 Qf6 26. Rac1 Re8 27.
Rc7 Qe5 28. Rxa7 1-0

[Event "HokkaidoCh2019"]
[Site "?"]
[Date "2019.03.23"]
[Round "3.5"]
[White "Koyahata, Taku"]
[Black "Kikuchi, Akira"]
[Result "1/2-1/2"]
[WhiteElo "1401"]
[BlackElo "1718"]
[PlyCount "72"]
[SourceVersionDate "2019.03.23"]

1. d4 Nf6 2. c4 e5 3. d5 c6 4. Nc3 Bb4 5. dxc6 Nxc6 6. Bd2 O-O 7. a3 Bxc3 8.
Bxc3 d5 9. cxd5 Nxd5 10. Bd2 Bf5 11. e3 Rc8 12. Bb5 Qb6 13. Ba4 Qxb2 14. Ne2
Qb6 15. O-O Rfd8 16. Qe1 Qa6 17. Bb3 Bd3 18. Bd1 f5 19. f3 Kh8 20. Rf2 Qb6 21.
Nc3 Nxc3 22. Bxc3 Qc7 23. Bc2 Bxc2 24. Rxc2 Qf7 25. f4 exf4 26. exf4 Re8 27.
Qg3 Kg8 28. Rac1 Re7 29. Bb2 Rce8 30. Rc5 g6 31. Qc3 Kf8 32. a4 Re4 33. Ba3 Kg8
34. Bb2 Kf8 35. Ba3 Kg8 36. Bb2 Kf8 1/2-1/2

[Event "HokkaidoCh2019"]
[Site "?"]
[Date "2019.03.23"]
[Round "3.6"]
[White "Takeuchi, Hiroshi"]
[Black "Kobayashi, Katsuhiko"]
[Result "1-0"]
[WhiteElo "1276"]
[BlackElo "1564"]
[PlyCount "125"]
[SourceVersionDate "2019.03.23"]

1. d4 Nf6 2. Nf3 g6 3. Nc3 Bg7 4. Bf4 d6 5. e3 O-O 6. Be2 Bg4 7. h3 Bd7 8. Qd2
Nc6 9. O-O-O Nh5 10. Rdg1 Nxf4 11. exf4 e5 12. fxe5 dxe5 13. dxe5 Nxe5 14. Nxe5
Bxe5 15. Bc4 g5 16. g3 Bxc3 17. Qxc3 Be6 18. f4 Bd5 19. Bxd5 Qxd5 20. b3 f6 21.
Rd1 Qf7 22. Rhf1 h6 23. g4 Qg7 24. Kb1 Rad8 25. Rxd8 Rxd8 26. fxg5 hxg5 27.
Qxf6 Qxf6 28. Rxf6 Rd1+ 29. Kb2 Kg7 30. Rf3 c5 31. Rf5 Rh1 32. Rxg5+ Kf6 33.
Rxc5 Rxh3 34. Rc7 Rg3 35. Rxb7 a5 36. Rb6+ Kg5 37. Rb5+ Kxg4 38. Rxa5 Kf4 39.
Rc5 Ke4 40. a4 Kd4 41. Rc8 Rg7 42. Rc4+ Kd5 43. Ka3 Rb7 44. a5 Ra7 45. Ka4 Ra6
46. Kb5 Ra8 47. a6 Kd6 48. Ka5 Kd7 49. b4 Rh8 50. b5 Rc8 51. Rxc8 Kxc8 52. Kb6
Kb8 53. c4 Ka8 54. c5 Kb8 55. c6 Ka8 56. Kc7 Ka7 57. b6+ Kxa6 58. b7 Ka5 59.
b8=Q Ka4 60. Kd6 Ka3 61. Kc5 Ka2 62. Kc4 Ka1 63. Kc3 1-0

[Event "HokkaidoCh2019"]
[Site "?"]
[Date "2019.03.23"]
[Round "3.7"]
[White "Ito, Katsuhide"]
[Black "Sato, Yasuji"]
[Result "0-1"]
[WhiteElo "1303"]
[BlackElo "1478"]
[PlyCount "64"]
[SourceVersionDate "2019.03.23"]

1. e4 e5 2. Nf3 Nc6 3. Bb5 a6 4. Ba4 Nf6 5. O-O Bc5 6. c3 O-O 7. d4 exd4 8.
cxd4 Ba7 9. Re1 d6 10. h3 d5 11. e5 Ne4 12. Bc2 f5 13. Nc3 Be6 14. Bb3 Ne7 15.
Be3 c6 16. Ng5 Qd7 17. Ne2 Ng6 18. Nxe6 Qxe6 19. Nf4 Nxf4 20. Bxf4 g5 21. Bc1
Qg6 22. f3 Ng3 23. Bc2 h6 24. e6 Rae8 25. f4 Rxe6 26. Be3 Rfe8 27. Bf2 Rxe1+
28. Bxe1 Bxd4+ 29. Bf2 Bxf2+ 30. Kxf2 gxf4 31. Qd4 Ne4+ 32. Kg1 f3 0-1

[Event "HokkaidoCh2019"]
[Site "?"]
[Date "2019.03.24"]
[Round "4.2"]
[White "Sugimoto, Koichi"]
[Black "Aoki"]
[Result "1-0"]
[WhiteElo "2013"]
[BlackElo "1665"]
[PlyCount "69"]
[SourceVersionDate "2019.03.23"]

1. d4 Nf6 2. c4 g6 3. Nc3 Bg7 4. e4 d6 5. Nf3 O-O 6. Be2 e5 7. O-O Nc6 8. d5
Ne7 9. b4 a5 10. Ba3 axb4 11. Bxb4 Bd7 12. c5 Ne8 13. a4 f5 14. Ng5 fxe4 15.
Ncxe4 Nf5 16. Bg4 Nd4 17. cxd6 cxd6 18. Be6+ Bxe6 19. Nxe6 Nxe6 20. dxe6 Rf4
21. Rb1 Rxe4 22. e7 Qxe7 23. Qd5+ Kh8 24. Qxe4 Nf6 25. Qc2 Qd7 26. Rfd1 Bf8 27.
a5 Rc8 28. Qb3 Rc6 29. Be1 Rc7 30. f3 Nh5 31. g3 Qc6 32. Bf2 Kg7 33. Qd5 Qc2
34. Rxb7 Rxb7 35. Qxb7+ 1-0

[Event "HokkaidoCh2019"]
[Site "?"]
[Date "2019.03.24"]
[Round "4.3"]
[White "Watanabe, Katsumi"]
[Black "Takeuchi, Hiroshi"]
[Result "1-0"]
[WhiteElo "1741"]
[BlackElo "1276"]
[PlyCount "63"]
[SourceVersionDate "2019.03.23"]

1. e4 e5 2. Nf3 Nc6 3. Bc4 Bc5 4. O-O Nf6 5. c3 d6 6. d4 exd4 7. cxd4 Bb6 8. e5
dxe5 9. dxe5 Qxd1 10. Rxd1 Ne4 11. Rf1 Bg4 12. Bf4 O-O 13. Nfd2 Nxd2 14. Nxd2
Nd4 15. h3 Be2 16. Rfc1 Bxc4 17. Rxc4 Ne2+ 18. Kf1 Nxf4 19. Rxf4 Rad8 20. Nc4
Rd4 21. Rxd4 Bxd4 22. Rd1 Bb6 23. Rd7 Rc8 24. f4 g6 25. Ke2 Bg1 26. Ne3 Kf8 27.
Ng4 c5 28. Nf6 Kg7 29. g4 c4 30. g5 c3 31. e6 cxb2 32. Rxf7+ 1-0

[Event "HokkaidoCh2019"]
[Site "?"]
[Date "2019.03.24"]
[Round "4.4"]
[White "Nishimori, Tosyiyuki"]
[Black "Koyahata, Taku"]
[Result "1-0"]
[WhiteElo "1811"]
[BlackElo "1401"]
[PlyCount "37"]
[SourceVersionDate "2019.03.23"]

1. e4 c5 2. Nf3 d6 3. d4 cxd4 4. Nxd4 Nf6 5. Nc3 g6 6. Be2 Bg7 7. Be3 O-O 8.
Qd2 Re8 9. h4 Nc6 10. h5 Nxd4 11. Bxd4 e5 12. Be3 gxh5 13. Bg5 Be6 14. Rxh5 Qb6
15. Bxf6 Bxf6 16. O-O-O Qxf2 17. Rf1 Qxg2 18. Rxf6 Qg1+ 19. Rf1 1-0

[Event "HokkaidoCh2019"]
[Site "?"]
[Date "2019.03.24"]
[Round "4.5"]
[White "Manabe, Hiroaki"]
[Black "Kikuchi, Akira"]
[Result "1-0"]
[WhiteElo "1723"]
[BlackElo "1718"]
[PlyCount "73"]
[SourceVersionDate "2019.03.23"]

1. e4 Nf6 2. e5 Nd5 3. d4 d6 4. Nf3 dxe5 5. dxe5 Bf5 6. Bc4 c6 7. O-O e6 8. Bb3
Nd7 9. Nbd2 Qc7 10. Re1 Be7 11. Nf1 O-O-O 12. a4 h5 13. Bxd5 cxd5 14. c3 Bg4
15. Qd4 Bxf3 16. gxf3 Bc5 17. Qf4 Rdf8 18. b4 Be7 19. Qd4 Kb8 20. Be3 Qb6 21.
Nd2 Qxd4 22. Bxd4 g5 23. a5 Rfg8 24. Reb1 g4 25. f4 h4 26. c4 dxc4 27. Nxc4 g3
28. Nd6 gxh2+ 29. Kxh2 Bxd6 30. exd6 Rh5 31. Rg1 Rc8 32. Rac1 Rxc1 33. Rxc1 Rd5
34. Rg1 b6 35. a6 Ka8 36. Rg8+ Nb8 37. Be5 1-0

[Event "HokkaidoCh2019"]
[Site "?"]
[Date "2019.03.24"]
[Round "4.7"]
[White "Sato, Yasuji"]
[Black "Hakamada, Eiji"]
[Result "1/2-1/2"]
[WhiteElo "1478"]
[BlackElo "1531"]
[PlyCount "112"]
[SourceVersionDate "2019.03.23"]

1. e4 c6 2. c3 d5 3. exd5 cxd5 4. Nf3 Nf6 5. d4 Nc6 6. Bb5 a6 7. Bd3 Bg4 8. h3
Bh5 9. O-O e6 10. Bg5 Be7 11. Nbd2 O-O 12. Qc2 Bg6 13. Bxg6 hxg6 14. Rfe1 Rc8
15. Qd3 Re8 16. Rac1 Qa5 17. a3 Nh7 18. Bf4 Qd8 19. Bg3 Bd6 20. Ne5 Nxe5 21.
Bxe5 Be7 22. Nf3 Ng5 23. Nh2 Ne4 24. f3 Nd6 25. Ng4 Nc4 26. Rc2 Bd6 27. Bxd6
Nxd6 28. Rce2 Nc4 29. Ne3 Qd7 30. Nxc4 dxc4 31. Qe4 Qb5 32. Qc2 Rcd8 33. Re5
Rd5 34. f4 Red8 35. R1e2 Qb6 36. Kh2 Qc7 37. g3 b5 38. Qb1 Qb7 39. Qe1 a5 40.
g4 b4 41. axb4 axb4 42. Rxd5 Rxd5 43. Re5 Rxe5 44. dxe5 bxc3 45. bxc3 Qf3 46.
Qd2 Kh7 47. Qd4 Qd3 48. Qf2 f6 49. Qh4+ Kg8 50. exf6 Qd2+ 51. Kg1 Qxf4 52. fxg7
Kxg7 53. Qe7+ Qf7 54. Qc5 Qf4 55. Qe7+ Qf7 56. Qc5 Qf4 1/2-1/2

[Event "HokkaidoCh2019"]
[Site "?"]
[Date "2019.03.24"]
[Round "5.2"]
[White "Drakakis, Athanasios"]
[Black "Watanabe, Katsumi"]
[Result "1-0"]
[WhiteElo "1836"]
[BlackElo "1741"]
[PlyCount "45"]
[SourceVersionDate "2019.03.23"]

1. d4 d5 2. Nf3 Nf6 3. Bf4 g6 4. Nbd2 Bg7 5. e3 O-O 6. Bd3 Nbd7 7. O-O c5 8. c3
c4 9. Bc2 b5 10. a3 Bb7 11. Re1 a5 12. h3 Qb6 13. e4 dxe4 14. Nxe4 e6 15. Qe2
Bd5 16. Nxf6+ Nxf6 17. Ne5 Qb7 18. f3 Nh5 19. Bh2 Bh6 20. Ng4 Bf4 21. Bxf4 Nxf4
22. Qe5 Nh5 23. Nh6# 1-0

[Event "HokkaidoCh2019"]
[Site "?"]
[Date "2019.03.24"]
[Round "5.3"]
[White "Aoki, Yasuhiro"]
[Black "Nishimori, Toshiyuki"]
[Result "0-1"]
[WhiteElo "1665"]
[BlackElo "1811"]
[PlyCount "110"]
[SourceVersionDate "2019.03.23"]

1. c4 Nf6 2. Nc3 e5 3. Nf3 Nc6 4. g3 d6 5. Bg2 Be7 6. O-O O-O 7. d3 Rb8 8. a3
h6 9. b4 a6 10. Bb2 Be6 11. Rc1 Qd7 12. e4 Bh3 13. Nd5 Bxg2 14. Nxe7+ Nxe7 15.
Kxg2 c6 16. c5 Ng6 17. cxd6 Qxd6 18. Re1 Nd7 19. d4 Rfe8 20. dxe5 Qxd1 21.
Rcxd1 Ndxe5 22. Nxe5 Nxe5 23. Bxe5 Rxe5 24. Rd7 Kf8 25. f4 Re7 26. Rd4 Rbe8 27.
Kf3 f6 28. h4 h5 29. g4 hxg4+ 30. Kxg4 g6 31. Kf3 Kf7 32. Red1 Rh8 33. Kg3 Rhe8
34. Rd7 Ke6 35. Rxe7+ Rxe7 36. a4 b6 37. Kg4 Rh7 38. f5+ gxf5+ 39. exf5+ Ke5
40. Re1+ Kd5 41. Re6 Rh6 42. h5 c5 43. Rxb6 c4 44. b5 axb5 45. Rxb5+ Kd4 46. a5
Rh8 47. a6 c3 48. Rb1 c2 49. Rc1 Kd3 50. a7 Kd2 51. Rxc2+ Kxc2 52. h6 Kd3 53.
Kh5 Ke4 54. Kg6 Ke5 55. h7 Ra8 0-1

[Event "HokkaidoCh2019"]
[Site "?"]
[Date "2019.03.24"]
[Round "5.4"]
[White "Hakamada, Eiji"]
[Black "Manabe, Hiroaki"]
[Result "1/2-1/2"]
[WhiteElo "1531"]
[BlackElo "1723"]
[PlyCount "70"]
[SourceVersionDate "2019.03.23"]

1. e4 e6 2. d4 d5 3. exd5 exd5 4. Nf3 Nf6 5. Nc3 Bb4 6. Bd3 O-O 7. O-O Bg4 8.
Bg5 c6 9. Re1 Nbd7 10. a3 Bd6 11. h3 Bh5 12. Bf5 Qc7 13. Qd3 h6 14. Bd2 Nb6 15.
g4 Bg6 16. Bxg6 fxg6 17. Qxg6 Nh7 18. Qe6+ Kh8 19. Ne5 Bxe5 20. Qxe5 Qxe5 21.
Rxe5 Nc4 22. Re2 Nxd2 23. Rxd2 Ng5 24. Kg2 Rae8 25. Rd3 Ne4 26. Nxe4 Rxe4 27.
c3 Re2 28. Rf3 Rxf3 29. Kxf3 Rxb2 30. a4 Kg8 31. Ra3 Kf7 32. Kg3 Kf6 33. f4 g6
34. a5 a6 35. h4 Rb1 1/2-1/2

[Event "HokkaidoCh2019"]
[Site "?"]
[Date "2019.03.24"]
[Round "5.5"]
[White "Kikuchi, Akira"]
[Black "Sato, Yasuji"]
[Result "1-0"]
[WhiteElo "1718"]
[BlackElo "1478"]
[PlyCount "53"]
[SourceVersionDate "2019.03.23"]

1. d4 d5 2. Nf3 Nc6 3. Bf4 Nf6 4. e3 Bg4 5. Nbd2 h6 6. Be2 Nh5 7. Bg3 Nxg3 8.
hxg3 e6 9. c3 Bd6 10. Qc2 Bf5 11. Bd3 Bxd3 12. Qxd3 Qd7 13. O-O-O a5 14. e4
dxe4 15. Nxe4 a4 16. Nxd6+ cxd6 17. d5 a3 18. dxc6 axb2+ 19. Kxb2 Qxc6 20. Qxd6
Qb5+ 21. Qb4 Qa6 22. a3 f6 23. Rd6 Qe2+ 24. Rd2 Qa6 25. Rhd1 Kf7 26. Rd7+ Kg6
27. Qg4+ 1-0

[Event "HokkaidoCh2019"]
[Site "?"]
[Date "2019.03.24"]
[Round "5.6"]
[White "Koyahata, Taku"]
[Black "Takeuchi, Hiroshi"]
[Result "0-1"]
[WhiteElo "1401"]
[BlackElo "1276"]
[PlyCount "66"]
[SourceVersionDate "2019.03.23"]

1. d4 d5 2. c4 e6 3. Nc3 Nf6 4. e3 Bb4 5. Bd2 O-O 6. Nf3 b6 7. a3 Be7 8. Be2 c5
9. O-O Bb7 10. dxc5 bxc5 11. Qc2 d4 12. exd4 cxd4 13. Nb5 Be4 14. Qb3 Nc6 15.
Ng5 a6 16. Nxe4 Nxe4 17. Bf3 Nxd2 18. Qd3 Nxf1 19. Bxc6 axb5 20. Bxa8 Qxa8 21.
cxb5 Rd8 22. Rxf1 Qd5 23. Rc1 Bd6 24. a4 e5 25. f3 Re8 26. Qe4 Qe6 27. Qc2 Qh6
28. Qc6 Rf8 29. a5 e4 30. fxe4 Bxh2+ 31. Kf2 Qe3+ 32. Kf1 d3 33. Re1 Qg1# 0-1